LIBRARY & INFORMATION CENTRE, KCAET, TAVANUR

ONLINE PUBLIC ACCESS CATALOGUE (OPAC)

Lahari / (Record no. 12757)

MARC details
000 -LEADER
fixed length control field 00361cam a2200157ua 4500
041 ## - LANGUAGE CODE
Language code of text/sound track or separate title mal
082 ## - DEWEY DECIMAL CLASSIFICATION NUMBER
Classification number 894.8122
Item number JAG/LA
100 ## - MAIN ENTRY--AUTHOR NAME
Personal name Jagathy, .
245 ## - TITLE STATEMENT
Title Lahari /
250 ## - EDITION STATEMENT
Edition statement 1 /
260 ## - PUBLICATION, DISTRIBUTION, ETC. (IMPRINT)
Place of publication Thrissur :
Name of publisher Current Books ,
Year of publication 1966.
300 ## - PHYSICAL DESCRIPTION
Number of Pages 161 ; .
942 ## - ADDED ENTRY ELEMENTS (KOHA)
Koha item type Books
Holdings
Withdrawn status Lost status Damaged status Home library Current library Date acquired Full call number Accession Number Koha item type
Withdrawn     KAUAET KAUAET 16/01/2021 894.8122 JAG/LA 1409 Books
Withdrawn     KAUAET Malayalam University 07/04/2012 894.8122 10692 Books
free website counter